000
00207nam a22000977a 4500
082
_a
629.224 MAI'N
245
_a
MAINTENANCE AND REPAIR
260
_a
MOSCOW
_b
AUTOEXPORT
_c
1969
300
_a
346P
942
_c
BK
999
_c
582282
_d
582282